[Event "Plzen, FSB A"]
[Site "?"]
[Date "2000.??.??"]
[Round "7"]
[White "Foglar, S."]
[Black "Strnad, J."]
[Result "1/2-1/2"]
[WhiteElo "2005"]
[BlackElo "1920"]
[PlyCount "143"]
[EventDate "2000.??.??"]
[Source "ChessBase"]
[SourceDate "1996.11.15"]

1. e4 e6 2. d4 d5 3. Nd2 Nf6 4. e5 Nfd7 5. f4 c5 6. Ne2 Nc6 7. Nf3 cxd4 8.
Nexd4 Qb6 9. c3 Be7 10. Bd3 O-O 11. Qc2 g6 12. h4 Nc5 13. h5 Nxd3+ 14. Qxd3
Nxd4 15. Nxd4 Kg7 16. Qh3 Rh8 17. hxg6 fxg6 18. f5 exf5 19. Bh6+ Kf7 20. O-O-O
Be6 21. Rdf1 Rhg8 22. Be3 Qa6 23. g4 Ke8 24. gxf5 gxf5 25. Qxh7 Kd7 26. Nxe6
Qxe6 27. Qxf5 Rh8 28. Qxe6+ Kxe6 29. Bd4 Rag8 30. Kc2 Rg2+ 31. Kb3 Rhh2 32.
Rxh2 Rxh2 33. Rg1 Re2 34. Rg8 Kd7 35. c4 Ke6 36. Rg7 dxc4+ 37. Kxc4 Rc2+ 38.
Kd3 Rh2 39. Rg8 Kd7 40. Ke4 Rh6 41. a3 a6 42. Kd5 Rh5 43. Rg7 Ke8 44. Be3 Kf8
45. Rg2 Rh3 46. Bd4 Rh6 47. Rc2 Ke8 48. e6 Rh5+ 49. Be5 Bf6 50. Re2 Ke7 51. Re4
Bxe5 52. Rxe5 Rh2 53. b4 Rd2+ 54. Kc5 Rd6 55. a4 b6+ 56. Kc4 Rxe6 57. Rh5 Re4+
58. Kc3 Kd6 59. Rh6+ Re6 60. Rxe6+ Kxe6 61. Kc4 Kd6 62. Kd4 Kc6 63. Ke5 a5 64.
b5+ Kc5 65. Ke6 Kb4 66. Kd6 Kxa4 67. Kc6 Kb3 68. Kxb6 a4 69. Kc5 a3 70. b6 a2
71. b7 a1=Q 72. b8=Q+ 1/2-1/2

[Event "Plzen, FSB A"]
[Site "?"]
[Date "2000.??.??"]
[Round "7"]
[White "Svoboda, J."]
[Black "Kupka, F."]
[Result "0-1"]
[WhiteElo "1820"]
[BlackElo "2005"]
[PlyCount "56"]
[EventDate "2000.??.??"]
[Source "ChessBase"]
[SourceDate "1996.11.15"]

1. e4 c5 2. Nc3 Nc6 3. f4 e6 4. Nf3 d5 5. e5 Nh6 6. Be2 Be7 7. O-O O-O 8. Kh1
Bd7 9. d3 a6 10. a4 Qc7 11. Rg1 f6 12. g4 fxe5 13. f5 Nf7 14. g5 exf5 15. Nxd5
Qd6 16. Nb6 Rad8 17. Nc4 Qe6 18. g6 hxg6 19. Bg5 Bxg5 20. Nxg5 Nxg5 21. Rxg5
Nd4 22. h4 Bc6+ 23. Kh2 Rf6 24. c3 Nxe2 25. Qxe2 e4 26. dxe4 Bxe4 27. Re1 Qc6
28. Nd2 Qd6+ 0-1

[Event "Plzen, FSB A"]
[Site "?"]
[Date "2000.??.??"]
[Round "7"]
[White "Racek, J."]
[Black "Jenc, M."]
[Result "1-0"]
[WhiteElo "2130"]
[BlackElo "1790"]
[PlyCount "69"]
[EventDate "2000.??.??"]
[Source "ChessBase"]
[SourceDate "1996.11.15"]

1. d4 Nf6 2. c4 g6 3. Nc3 Bg7 4. e4 d6 5. f3 O-O 6. Bg5 c5 7. d5 Nbd7 8. Nh3
Ne8 9. Qd2 Ndf6 10. Nf2 Qb6 11. Be2 Bd7 12. O-O Qd8 13. f4 h6 14. Bh4 Nc7 15.
e5 Nfe8 16. Nfe4 Bf5 17. Rad1 Qd7 18. Bg3 a6 19. a4 b6 20. Nf2 Kh7 21. h3 h5
22. Bh2 h4 23. Nfe4 Bh6 24. Ng5+ Kg7 25. Qe1 Bxg5 26. fxg5 Rh8 27. Bd3 Bxd3 28.
Rxd3 f6 29. gxf6+ exf6 30. exf6+ Nxf6 31. Rdf3 Raf8 32. Rxf6 Rxf6 33. Rxf6 Kxf6
34. Ne4+ Kg7 35. Qc3+ 1-0

[Event "Plzen, FSB A"]
[Site "?"]
[Date "2000.??.??"]
[Round "7"]
[White "Vagner, T."]
[Black "Zeleny, T."]
[Result "1-0"]
[WhiteElo "2060"]
[BlackElo "1785"]
[PlyCount "67"]
[EventDate "2000.??.??"]
[Source "ChessBase"]
[SourceDate "1996.11.15"]

1. e4 c5 2. Nf3 Nc6 3. Bb5 g6 4. c3 d5 5. exd5 Qxd5 6. d4 Bg4 7. c4 Qe4+ 8. Be3
cxd4 9. Qxd4 Qxd4 10. Bxd4 Nf6 11. Ne5 O-O-O 12. Bxc6 Rxd4 13. Bf3 Be6 14. Nd2
Bh6 15. Nb3 Rd6 16. O-O Bf4 17. Rfe1 Re8 18. c5 Rdd8 19. c6 b6 20. c7 Rd6 21.
Nc6 Bc4 22. g3 Bh6 23. Rec1 Bxc1 24. Rxc1 Ba6 25. Nxa7+ Kd7 26. Bc6+ Rxc6 27.
Nxc6 Kxc7 28. Ne5+ Kb7 29. Nxf7 Ne4 30. Re1 Bc4 31. Ne5 Bxb3 32. axb3 Nf6 33.
Nc4 Nd5 34. Nd6+ 1-0

[Event "Plzen, FSB A"]
[Site "?"]
[Date "2000.??.??"]
[Round "7"]
[White "Houska, J."]
[Black "Gritsch, C."]
[Result "1-0"]
[WhiteElo "1840"]
[BlackElo "2155"]
[PlyCount "43"]
[EventDate "2000.??.??"]
[Source "ChessBase"]
[SourceDate "1996.11.15"]

1. d4 e5 2. dxe5 Nc6 3. Nf3 Qe7 4. e4 Nxe5 5. Nc3 Nxf3+ 6. Qxf3 Qf6 7. Qg3 c6
8. Bc4 Bb4 9. Bd2 Ne7 10. O-O O-O 11. Bb3 Qg6 12. Qh4 Re8 13. Rae1 Kh8 14. Re3
Ng8 15. e5 Ba5 16. Rg3 Bd8 17. Qf4 Qh5 18. Bxf7 Qxe5 19. Bxe8 Qxe8 20. Re1 Qh5
21. Re5 Qh6 22. Qxh6 1-0

[Event "Plzen, FSB A"]
[Site "?"]
[Date "2000.??.??"]
[Round "7"]
[White "Kafka, L."]
[Black "Postupa, P."]
[Result "1/2-1/2"]
[WhiteElo "1925"]
[BlackElo "2165"]
[PlyCount "104"]
[EventDate "2000.??.??"]
[Source "ChessBase"]
[SourceDate "1996.11.15"]

1. e4 e5 2. Nf3 Nc6 3. Bb5 a6 4. Ba4 Nf6 5. O-O Nxe4 6. d4 b5 7. Bb3 d5 8. dxe5
Be6 9. c3 Be7 10. Be3 O-O 11. Nbd2 Qd7 12. Bc2 f5 13. exf6 Nxf6 14. Nd4 Nxd4
15. Bxd4 Bf5 16. Bxf5 Qxf5 17. Qf3 Qd7 18. Qd3 c5 19. Be5 Rae8 20. Rae1 Qc6 21.
Re2 Rf7 22. Bxf6 gxf6 23. Rfe1 Qb7 24. Nf3 Rd8 25. Nh4 Bf8 26. Nf5 Qd7 27. Re6
a5 28. Qg3+ Kh8 29. Qh4 b4 30. Rxf6 Re8 31. Rxe8 Qxe8 32. Kf1 d4 33. Rxf7 Qxf7
34. Qe4 bxc3 35. bxc3 Qc4+ 36. Kg1 Qxa2 37. h4 dxc3 38. Qe5+ Kg8 39. Qg3+ Kh8
40. Qxc3+ Kg8 41. Qg3+ Kf7 42. Qc7+ Kf6 43. g4 h5 44. Qd8+ Kf7 45. Qd7+ Kg8 46.
g5 Qc4 47. Qe8 Qg4+ 48. Ng3 Qxh4 49. Qg6+ Kh8 50. Nxh5 Qg4+ 51. Kf1 Qd1+ 52.
Kg2 Qd5+ 1/2-1/2

[Event "Plzen, FSB A"]
[Site "?"]
[Date "2000.??.??"]
[Round "7"]
[White "Hallerova, E."]
[Black "Vlk, M."]
[Result "0-1"]
[WhiteElo "2150"]
[BlackElo "1915"]
[PlyCount "89"]
[EventDate "2000.??.??"]
[Source "ChessBase"]
[SourceDate "1996.11.15"]

1. d4 d5 2. Nf3 Nf6 3. g3 e6 4. Bg2 c5 5. O-O Nc6 6. e3 Be7 7. b3 O-O 8. Bb2 b5
9. dxc5 Bxc5 10. Nd4 Nxd4 11. exd4 Be7 12. Nd2 Ba6 13. Re1 Rc8 14. Bf1 Qb6 15.
a3 Rc7 16. b4 Qc6 17. Bd3 Ne8 18. Nf3 Bf6 19. Ne5 Bxe5 20. dxe5 g6 21. Qe2 Bb7
22. Bd4 a6 23. Bc5 Ng7 24. Bxf8 Kxf8 25. g4 h5 26. h3 hxg4 27. hxg4 Rc8 28. Kg2
Ne8 29. Rh1 Ke7 30. Rh7 Nc7 31. f3 Rg8 32. Qe3 d4 33. Qf4 Rf8 34. Bxg6 Kd8 35.
Qxd4+ Kc8 36. Be4 Nd5 37. Kg3 Qc7 38. Rah1 Kb8 39. Rh8 Rxh8 40. Rxh8+ Bc8 41.
Bxd5 exd5 42. Qxd5 Qc3 43. Qc5 Qe1+ 44. Kf4 Qd2+ 45. Qe3 0-1

[Event "Plzen, FSB A"]
[Site "?"]
[Date "2000.??.??"]
[Round "7"]
[White "Haller, M."]
[Black "Nielsen, T."]
[Result "0-1"]
[WhiteElo "1910"]
[BlackElo "2115"]
[PlyCount "32"]
[EventDate "2000.??.??"]
[Source "ChessBase"]
[SourceDate "1996.11.15"]

1. e4 c5 2. Nf3 d6 3. d4 cxd4 4. Nxd4 Nf6 5. Nc3 g6 6. Be2 Bg7 7. O-O O-O 8. f4
Qb6 9. Be3 Qxb2 10. Qd2 Nc6 11. Rfb1 Qa3 12. Ndb5 Qa5 13. Rb3 Nxe4 14. Qd3 Nxc3
15. Nxc3 Bf5 16. Qd2 Be6 0-1

[Event "Plzen, FSB A"]
[Site "?"]
[Date "2000.??.??"]
[Round "7"]
[White "Pfiender, H."]
[Black "Hoff, T."]
[Result "1-0"]
[WhiteElo "1905"]
[BlackElo "2050"]
[PlyCount "51"]
[EventDate "2000.??.??"]
[Source "ChessBase"]
[SourceDate "1996.11.15"]

1. e4 g6 2. Nc3 Bg7 3. f4 c5 4. Nf3 d6 5. Bc4 Nc6 6. O-O Nf6 7. e5 dxe5 8. fxe5
Nxe5 9. Nxe5 Qd4+ 10. Kh1 Qxe5 11. Qf3 O-O 12. d3 Bg4 13. Qxb7 Rfb8 14. Qc6 Rc8
15. Bf4 Qh5 16. Qb7 e6 17. Rae1 g5 18. Be5 Ne8 19. Bxg7 Kxg7 20. Ne4 Rab8 21.
Qxa7 Ra8 22. Qe7 h6 23. Nxc5 Rc7 24. Nd7 Bf5 25. Qf8+ Kg6 26. Qg8+ 1-0

[Event "Plzen, FSB A"]
[Site "?"]
[Date "2000.??.??"]
[Round "7"]
[White "Dolezal sr., R."]
[Black "Priborsky, J."]
[Result "0-1"]
[WhiteElo "2050"]
[BlackElo "1940"]
[PlyCount "76"]
[EventDate "2000.??.??"]
[Source "ChessBase"]
[SourceDate "1996.11.15"]

1. e4 e5 2. Nf3 Nc6 3. Bb5 f5 4. d3 fxe4 5. dxe4 Nf6 6. O-O d6 7. Nc3 Be7 8.
Bg5 Be6 9. Bh4 h6 10. Bxf6 Bxf6 11. Nd5 O-O 12. Bxc6 bxc6 13. Nxf6+ Qxf6 14.
Nd2 Qg6 15. f3 Rf4 16. Qe2 Rb8 17. b3 Bc8 18. Qc4+ Rf7 19. Qxc6 Bh3 20. Rf2
Rbf8 21. Kh1 Be6 22. Re1 h5 23. Rfe2 Qf6 24. Kg1 g5 25. Qc3 g4 26. Qe3 h4 27.
Rf1 c6 28. Ree1 g3 29. h3 Rg7 30. Re2 Qf7 31. Qh6 Qd7 32. f4 Bxh3 33. Qxh4 Bg4
34. Nf3 Rxf4 35. Qh6 Qe7 36. Re3 Rf6 37. Qh1 Rh7 38. Nh4 Rxh4 0-1

[Event "Plzen, FSB A"]
[Site "?"]
[Date "2000.??.??"]
[Round "7"]
[White "Kracik, D."]
[Black "Horyna, J."]
[Result "1-0"]
[WhiteElo "2045"]
[BlackElo "1855"]
[PlyCount "109"]
[EventDate "2000.??.??"]
[Source "ChessBase"]
[SourceDate "1996.11.15"]

1. e4 e6 2. b3 b6 3. Bb2 Bb7 4. d3 d6 5. Nd2 Nf6 6. g3 Nbd7 7. Bg2 Be7 8. Ne2
e5 9. O-O O-O 10. f4 c5 11. Nc4 Qc7 12. Qd2 b5 13. Ne3 Rfe8 14. Rf2 Rad8 15.
Raf1 Rf8 16. Nf5 Rfe8 17. fxe5 dxe5 18. Qg5 g6 19. Nxe7+ Rxe7 20. Rxf6 Nxf6 21.
Qxf6 b4 22. Bc1 Re6 23. Qh4 Ra6 24. Bg5 Rdd6 25. Nc1 Bc8 26. g4 Qd7 27. h3 Re6
28. Bf6 Qd4+ 29. Kh1 Qe3 30. g5 h5 31. Qf2 Qxf2 32. Rxf2 Kf8 33. Bf1 Rab6 34.
Kg2 Red6 35. Bxe5 Re6 36. Bf6 Bb7 37. c3 a5 38. Kf3 Bc6 39. Ke3 c4 40. bxc4
bxc3 41. Bxc3 a4 42. e5 Rb1 43. Ne2 Kg8 44. Nf4 Re8 45. d4 Bd7 46. Nd5 Rd8 47.
Nf6+ Kg7 48. Ba5 Ra8 49. Bc3 Bf5 50. Nxh5+ gxh5 51. Rxf5 Rab8 52. Bd3 Rh1 53.
Rf3 Rh2 54. d5 Rxa2 55. e6+ 1-0

[Event "Plzen, FSB A"]
[Site "?"]
[Date "2000.??.??"]
[Round "7"]
[White "Janke, G."]
[Black "Polak, B."]
[Result "1/2-1/2"]
[WhiteElo "1820"]
[BlackElo "2005"]
[PlyCount "33"]
[EventDate "2000.??.??"]
[Source "ChessBase"]
[SourceDate "1996.11.15"]

1. d4 Nf6 2. Nf3 g6 3. Bf4 Bg7 4. Nbd2 O-O 5. e3 b6 6. Bd3 Bb7 7. c4 d6 8. Qc2
Nbd7 9. Bg5 Qe8 10. O-O e5 11. d5 h6 12. Bxf6 Nxf6 13. e4 Nh5 14. g3 Qd7 15.
Kh1 c5 16. Ng1 f5 17. f3 1/2-1/2

[Event "Plzen, FSB A"]
[Site "?"]
[Date "2000.??.??"]
[Round "7"]
[White "Marous, R."]
[Black "Bantle, M."]
[Result "0-1"]
[WhiteElo "1815"]
[BlackElo "1970"]
[PlyCount "78"]
[EventDate "2000.??.??"]
[Source "ChessBase"]
[SourceDate "1996.11.15"]

1. e4 c5 2. Nc3 Nc6 3. g3 g6 4. Bg2 Bg7 5. Nh3 d6 6. O-O Bd7 7. d3 Qc8 8. Nf4
Nf6 9. Re1 O-O 10. Nfd5 Bg4 11. Bf3 Bxf3 12. Qxf3 Nd7 13. Bg5 Nde5 14. Qe2 Qd7
15. Kg2 f6 16. Be3 Nd4 17. Bxd4 cxd4 18. Nd1 e6 19. Nf4 f5 20. c3 dxc3 21. Nxc3
Rae8 22. Rad1 Nc6 23. exf5 exf5 24. Qf3 Nd4 25. Qd5+ Kh8 26. Qa5 Re5 27. Rxe5
dxe5 28. Nfd5 b6 29. Qa3 Re8 30. f3 h5 31. b3 e4 32. dxe4 fxe4 33. Qc1 exf3+
34. Kh1 Qh3 35. Nf4 Qf5 36. Qd2 Ne2 37. Nfxe2 fxe2 38. Nxe2 Qf3+ 39. Kg1 Rxe2
0-1

[Event "Plzen, FSB A"]
[Site "?"]
[Date "2000.??.??"]
[Round "7"]
[White "Vymetal, M."]
[Black "Jenicek, J."]
[Result "0-1"]
[WhiteElo "1810"]
[BlackElo "2135"]
[PlyCount "60"]
[EventDate "2000.??.??"]
[Source "ChessBase"]
[SourceDate "1996.11.15"]

1. e4 e5 2. Nf3 Nc6 3. d4 exd4 4. Nxd4 Nf6 5. Nxc6 bxc6 6. e5 Nd5 7. c4 Nb6 8.
Bd3 Ba6 9. b3 Qh4 10. Bb2 Bb4+ 11. Nd2 Qg5 12. Be4 Bxc4 13. Rc1 Bd5 14. Bxd5
Nxd5 15. g3 O-O 16. f4 Qf5 17. Qe2 f6 18. O-O fxe5 19. Bxe5 d6 20. Bd4 Rae8 21.
Qf2 Qd3 22. Nf3 Re2 23. Rfd1 Qe4 24. Qf1 c5 25. Ng5 Qe7 26. Bf2 Nc3 27. Re1 Re8
28. Qg2 Rxe1+ 29. Rxe1 Qxe1+ 30. Bxe1 Rxe1+ 0-1

[Event "Plzen, FSB A"]
[Site "?"]
[Date "2000.??.??"]
[Round "7"]
[White "Hercik, J."]
[Black "Sladek, J."]
[Result "1/2-1/2"]
[WhiteElo "1950"]
[BlackElo "2125"]
[PlyCount "25"]
[EventDate "2000.??.??"]
[Source "ChessBase"]
[SourceDate "1996.11.15"]

1. e4 d5 2. exd5 Qxd5 3. c4 Qa5 4. Nc3 c6 5. d4 Bf5 6. Bd3 Bxd3 7. Qxd3 e6 8.
Nge2 Nf6 9. O-O Bd6 10. h3 h6 11. Qf3 Nbd7 12. Bf4 Bxf4 13. Qxf4 1/2-1/2

[Event "Plzen, FSB A"]
[Site "?"]
[Date "2000.??.??"]
[Round "7"]
[White "Kalista, K."]
[Black "Snaidr, J."]
[Result "0-1"]
[WhiteElo "1860"]
[BlackElo "2015"]
[PlyCount "120"]
[EventDate "2000.??.??"]
[Source "ChessBase"]
[SourceDate "1996.11.15"]

1. d4 d5 2. c4 e6 3. Nc3 Nf6 4. Bg5 Be7 5. e3 h6 6. Bh4 O-O 7. Nf3 b6 8. Bxf6
Bxf6 9. cxd5 exd5 10. Bd3 Bb7 11. Rc1 Nd7 12. Qb3 c5 13. Nxd5 cxd4 14. exd4
Re8+ 15. Kf1 Rc8 16. Rxc8 Qxc8 17. Nxf6+ Nxf6 18. Qc3 Qg4 19. h3 Qd7 20. Bc4
Rc8 21. Ne5 Qa4 22. Qb3 Rxc4 23. Nxc4 Qc6 24. Ne3 Qc1+ 25. Qd1 Qxb2 26. Kg1 Ne4
27. Qc2 Qxd4 28. Qd1 Qf6 29. Qf3 Qxf3 30. gxf3 Nd2 31. Kh2 Nxf3+ 32. Kg3 Ng5
33. Rf1 Ne4+ 34. Kf4 f6 35. Ng4 Kf7 36. f3 Ng5 37. Rc1 Ne6+ 38. Ke3 Nc5 39. Nf2
f5 40. f4 Bd5 41. a3 g5 42. Nd3 Ne6 43. Rc8 Be4 44. fxg5 hxg5 45. Ne5+ Kf6 46.
Nc6 Bg2 47. Nxa7 f4+ 48. Kf2 Bxh3 49. Rb8 Nd4 50. Rxb6+ Kf5 51. Nb5 Ne6 52. a4
g4 53. a5 g3+ 54. Ke2 Bg4+ 55. Kf1 f3 56. Nd6+ Ke5 57. Nc4+ Kf4 58. Rb2 Bh3+
59. Kg1 Nd4 60. Nd2 Ne2+ 0-1

[Event "Plzen, FSB A"]
[Site "?"]
[Date "2000.??.??"]
[Round "7"]
[White "Dvorak, M."]
[Black "Schwarz, M."]
[Result "0-1"]
[WhiteElo "1800"]
[BlackElo "1960"]
[PlyCount "44"]
[EventDate "2000.??.??"]
[Source "ChessBase"]
[SourceDate "1996.11.15"]

1. e4 e5 2. Nf3 Nc6 3. Bc4 Nf6 4. Nc3 Nxe4 5. Bxf7+ Kxf7 6. Nxe4 d5 7. Nxe5+
Nxe5 8. Qh5+ Ng6 9. Ng5+ Kg8 10. O-O Bc5 11. Re1 c6 12. d4 Bxd4 13. Bf4 Bd7 14.
Re2 Qf6 15. Bg3 Nf4 16. Bxf4 Qxf4 17. c3 Bc5 18. Rae1 Rf8 19. Nf3 Bg4 20. Qh4
Bxf3 21. Qxf4 Rxf4 22. Re8+ Rf8 0-1

[Event "Plzen, FSB A"]
[Site "?"]
[Date "2000.??.??"]
[Round "7"]
[White "Grosse_Honebrink, B."]
[Black "Geiger, L."]
[Result "1/2-1/2"]
[WhiteElo "2005"]
[BlackElo "1900"]
[PlyCount "98"]
[EventDate "2000.??.??"]
[Source "ChessBase"]
[SourceDate "1996.11.15"]

1. d4 Nf6 2. Nf3 d5 3. c4 c6 4. cxd5 cxd5 5. Nc3 e6 6. Bg5 Be7 7. e3 O-O 8. Bd3
Nbd7 9. O-O b6 10. Rc1 Bb7 11. h3 Rc8 12. a3 a6 13. a4 Bb4 14. Na2 Rxc1 15.
Qxc1 Bd6 16. Qc2 Qa8 17. Rc1 h6 18. Bxf6 Nxf6 19. Qb3 Nd7 20. Bb1 Rc8 21. Rxc8+
Qxc8 22. Qd3 Nf6 23. Ne5 Qc7 24. Ng4 Ne4 25. f3 f5 26. fxe4 dxe4 27. Nxh6+ gxh6
28. Qe2 Qg7 29. Qh5 Bc6 30. Nc3 Qg3 31. Kf1 Kg7 32. Qe2 Bb7 33. Ba2 Bc8 34. Bc4
Bb4 35. Qf2 Qg5 36. Qf4 Qxf4+ 37. exf4 a5 38. Kf2 Bd7 39. Ke3 Kf7 40. Be2 Ke7
41. g4 Bxc3 42. bxc3 Bxa4 43. g5 Kf7 44. h4 Kg7 45. Bc4 Bd7 46. Be2 b5 47. Kd2
Bc6 48. Kc2 a4 49. Kb2 hxg5 1/2-1/2

[Event "Plzen, FSB A"]
[Site "?"]
[Date "2000.??.??"]
[Round "8"]
[White "Vokac, M."]
[Black "Vavra, P."]
[Result "1-0"]
[WhiteElo "2520"]
[BlackElo "2390"]
[PlyCount "139"]
[EventDate "2000.??.??"]
[Source "ChessBase"]
[SourceDate "1996.11.15"]

1. Nf3 Nf6 2. b3 g6 3. Bb2 Bg7 4. g3 O-O 5. Bg2 d6 6. d4 c6 7. O-O Bg4 8. Nbd2
Nbd7 9. c4 Re8 10. Ne1 e5 11. h3 Be6 12. Nc2 e4 13. Nxe4 Nxe4 14. Bxe4 Bxh3 15.
Bg2 Bxg2 16. Kxg2 h5 17. e3 Qg5 18. Qf3 f5 19. Ba3 Bf8 20. Qf4 Qf6 21. Qh4 Qxh4
22. gxh4 Re4 23. f3 Rxh4 24. Bb4 Be7 25. Be1 Nf8 26. b4 Ne6 27. Bxh4 Bxh4 28.
f4 Bf6 29. Kf3 Kf7 30. Rab1 Re8 31. a4 a6 32. c5 d5 33. b5 axb5 34. axb5 g5 35.
fxg5 Nxg5+ 36. Ke2 Ne4 37. Kd3 Ng3 38. bxc6 bxc6 39. Rf3 h4 40. Rb6 Rh8 41.
Rb7+ Ke6 42. Ne1 Bg5 43. Rf2 Ra8 44. Rfb2 f4 45. Nf3 Bf6 46. exf4 Kf5 47. Ne5
h3 48. R7b3 Rh8 49. Rh2 Nf1 50. Rh1 Ng3 51. Rh2 Nf1 52. Rf2 h2 53. Rxf1 h1=Q
54. Rxh1 Rxh1 55. Nxc6 Kxf4 56. Rb8 Rh3+ 57. Kc2 Rh2+ 58. Kc3 Rh3+ 59. Kb4 Ke4
60. Re8+ Kd3 61. Kb5 Rh1 62. Re6 Rb1+ 63. Nb4+ Kc3 64. Rxf6 Rxb4+ 65. Kc6 Rxd4
66. Kd6 Kb4 67. c6 Rc4 68. Rf1 d4 69. Rb1+ Ka5 70. c7 1-0

[Event "Plzen, FSB A"]
[Site "?"]
[Date "2000.??.??"]
[Round "8"]
[White "Lechtynsky, J."]
[Black "Konopka, M."]
[Result "1/2-1/2"]
[WhiteElo "2405"]
[BlackElo "2450"]
[PlyCount "53"]
[EventDate "2000.??.??"]
[Source "ChessBase"]
[SourceDate "1996.11.15"]

1. Nf3 Nf6 2. c4 g6 3. Nc3 d5 4. d4 Bg7 5. Bg5 Ne4 6. Bf4 Nxc3 7. bxc3 c5 8.
cxd5 Qxd5 9. e3 cxd4 10. cxd4 Nc6 11. Be2 b6 12. O-O Bb7 13. Qb3 Qxb3 14. axb3
O-O 15. Ra4 Rfc8 16. b4 a6 17. Rb1 b5 18. Ra2 Rd8 19. Bc7 Rd7 20. Bb6 e5 21.
Nxe5 Nxe5 22. dxe5 Bxe5 23. Bf3 Bxf3 24. gxf3 Bd6 25. Kg2 Bf8 26. f4 Rd6 27.
Bc5 1/2-1/2

[Event "Plzen, FSB A"]
[Site "?"]
[Date "2000.??.??"]
[Round "8"]
[White "Volosin, L."]
[Black "Freisler, P."]
[Result "1-0"]
[WhiteElo "2455"]
[BlackElo "2360"]
[PlyCount "93"]
[EventDate "2000.??.??"]
[Source "ChessBase"]
[SourceDate "1996.11.15"]

1. d4 Nf6 2. Nf3 d6 3. c4 Nbd7 4. Nc3 e5 5. e4 c6 6. Be2 Be7 7. O-O O-O 8. h3
Re8 9. d5 c5 10. a3 g6 11. Ne1 Bf8 12. Rb1 Kh8 13. b4 Ng8 14. Nd3 b6 15. Qa4
Ndf6 16. Bb2 Bd7 17. Qb3 Bg7 18. Ba1 Re7 19. Qa2 Ne8 20. Bd1 f5 21. exf5 gxf5
22. f4 e4 23. Ne1 cxb4 24. axb4 a5 25. b5 Qc7 26. Na4 e3 27. Be2 Ngf6 28. Bd4
Rb8 29. Rf3 Nh5 30. Nc2 Re4 31. Bxe3 Nef6 32. Bd3 Re7 33. Kh2 Ne4 34. Nd4 Nc3
35. Nxc3 Rxe3 36. Rxe3 Bxd4 37. Qd2 Bxe3 38. Qxe3 Re8 39. Qd4+ Kg8 40. Na4 Qd8
41. Nxb6 Qh4 42. Nxd7 Qg3+ 43. Kh1 Nxf4 44. Bf1 Re7 45. b6 Nxh3 46. b7 Nf2+ 47.
Qxf2 1-0

[Event "Plzen, FSB A"]
[Site "?"]
[Date "2000.??.??"]
[Round "8"]
[White "Mikuev, E."]
[Black "Votava, J."]
[Result "0-1"]
[WhiteElo "2225"]
[BlackElo "2505"]
[PlyCount "114"]
[EventDate "2000.??.??"]
[Source "ChessBase"]
[SourceDate "1996.11.15"]

1. e4 c5 2. c3 d5 3. exd5 Qxd5 4. d4 g6 5. Nf3 Bg7 6. Na3 Nh6 7. dxc5 Qxc5 8.
Be3 Qa5 9. Bb5+ Nc6 10. Qd5 Qc7 11. Bxh6 Bxh6 12. Qe5 Qxe5+ 13. Nxe5 Bd7 14.
Bxc6 Bxc6 15. Nxc6 bxc6 16. Nc4 Rd8 17. Ne5 Rd6 18. O-O Bg7 19. Nc4 Rd5 20.
Rfe1 e6 21. Rad1 Ke7 22. Ne3 Rxd1 23. Rxd1 Rb8 24. b3 f5 25. c4 e5 26. f3 Ke6
27. Kf2 Bf8 28. Ke2 h5 29. Nc2 Bc5 30. Rb1 g5 31. b4 g4 32. a3 Be7 33. a4 Rg8
34. a5 gxf3+ 35. Kxf3 e4+ 36. Kf2 Ke5 37. Rd1 Rb8 38. Nd4 Rc8 39. Nc2 Rb8 40.
b5 Bc5+ 41. Kf1 Rc8 42. Rb1 cxb5 43. cxb5 f4 44. Nb4 f3 45. gxf3 Rg8 46. Rb3
Rg1+ 47. Ke2 Rg2+ 48. Ke1 Rxh2 49. Nc6+ Kd5 50. fxe4+ Kc4 51. Rf3 Kxb5 52. Rf6
h4 53. Ne5 Ra2 54. Nd3 h3 55. Rf5 Kc4 56. Ne5+ Kd4 57. Ng4 h2 0-1

[Event "Plzen, FSB A"]
[Site "?"]
[Date "2000.??.??"]
[Round "8"]
[White "de Jong, J."]
[Black "Cvek, R."]
[Result "0-1"]
[WhiteElo "2135"]
[BlackElo "2405"]
[PlyCount "26"]
[EventDate "2000.??.??"]
[Source "ChessBase"]
[SourceDate "1996.11.15"]

1. d4 Nf6 2. c4 Nc6 3. Nc3 e5 4. d5 Ne7 5. e4 Ng6 6. Bd3 Bc5 7. Rb1 Qe7 8. a3
a5 9. Nb5 d6 10. b4 Bb6 11. c5 dxc5 12. d6 cxd6 13. Nxd6+ Qxd6 0-1

[Event "Plzen, FSB A"]
[Site "?"]
[Date "2000.??.??"]
[Round "8"]
[White "Dolezal jr., R."]
[Black "Jirka, J."]
[Result "1/2-1/2"]
[WhiteElo "2355"]
[BlackElo "2300"]
[PlyCount "92"]
[EventDate "2000.??.??"]
[Source "ChessBase"]
[SourceDate "1996.11.15"]

1. e4 e5 2. Nf3 Nc6 3. Bb5 Nd4 4. Nxd4 exd4 5. O-O Bc5 6. d3 c6 7. Ba4 d6 8. c4
Ne7 9. a3 O-O 10. b4 Bb6 11. f4 f5 12. Nd2 Ng6 13. Bb3 Kh8 14. Qh5 Qe8 15. Nf3
Bd7 16. Ng5 h6 17. Bd2 Nxf4 18. Qxe8 Ne2+ 19. Kf2 Raxe8 20. Kxe2 hxg5 21. Bxg5
fxe4 22. dxe4 Rxe4+ 23. Kd2 Rfe8 24. Rae1 Rxe1 25. Rxe1 Rxe1 26. Kxe1 Bf5 27.
Bf4 Be4 28. Bxd6 Bxg2 29. Kd2 Bd8 30. Bc5 b6 31. Bxd4 Bc7 32. Bg1 Be5 33. a4
Kh7 34. Bc2+ Kh6 35. a5 bxa5 36. bxa5 a6 37. Bf5 Bf1 38. Be6 Bc7 39. Ke1 Bd3
40. Kd2 Be4 41. Bb6 Bxh2 42. Bc8 Bf4+ 43. Kc3 g5 44. Bxa6 g4 45. c5 g3 46. Bf1
g2 1/2-1/2

[Event "Plzen, FSB A"]
[Site "?"]
[Date "2000.??.??"]
[Round "8"]
[White "Michalek, J."]
[Black "Gross, S."]
[Result "1-0"]
[WhiteElo "2320"]
[BlackElo "2355"]
[PlyCount "59"]
[EventDate "2000.??.??"]
[Source "ChessBase"]
[SourceDate "1996.11.15"]

1. e4 c5 2. Nf3 Nc6 3. d4 cxd4 4. Nxd4 Qb6 5. Nb3 Nf6 6. Nc3 e6 7. Bd3 a6 8.
O-O Be7 9. Qe2 d6 10. a4 Ne5 11. a5 Qc7 12. f4 Nxd3 13. cxd3 b5 14. Be3 Bb7 15.
Rac1 Qd7 16. Bd4 b4 17. Nb1 O-O 18. N1d2 Rac8 19. Nc4 Qd8 20. Nb6 Rxc1 21. Rxc1
Nd7 22. Qc2 Nxb6 23. axb6 e5 24. Qc7 Bc8 25. Qxd8 Rxd8 26. fxe5 Bg5 27. Rxc8
Rxc8 28. b7 Rb8 29. Na5 dxe5 30. Bxe5 1-0

[Event "Plzen, FSB A"]
[Site "?"]
[Date "2000.??.??"]
[Round "8"]
[White "Glienke, M."]
[Black "Folk, P."]
[Result "1/2-1/2"]
[WhiteElo "2065"]
[BlackElo "2345"]
[PlyCount "94"]
[EventDate "2000.??.??"]
[Source "ChessBase"]
[SourceDate "1996.11.15"]

1. Nf3 Nf6 2. d4 g6 3. Bf4 Bg7 4. e3 O-O 5. Be2 d6 6. h3 c5 7. O-O Qb6 8. Nbd2
Be6 9. Ng5 Bd7 10. c3 cxd4 11. Nc4 Qd8 12. exd4 Nd5 13. Bd2 Bc6 14. Nf3 Nd7 15.
Re1 N7f6 16. Bf1 Qc7 17. a4 Rac8 18. Na3 Nb6 19. Nb5 Bxb5 20. axb5 Ra8 21. Qe2
Rfe8 22. c4 e5 23. d5 e4 24. Nh2 Nbd7 25. Be3 Nc5 26. Qc2 a5 27. bxa6 Rxa6 28.
Rab1 Ncd7 29. Rec1 Ra2 30. Ng4 h5 31. Nxf6+ Bxf6 32. Qd2 Nc5 33. Rc2 Nb3 34.
Qd1 Rc8 35. g4 hxg4 36. Qxg4 Re8 37. c5 Nd4 38. Bxd4 Bxd4 39. Bc4 Raa8 40. b4
Re5 41. Rd1 dxc5 42. d6 Qxd6 43. bxc5 Qf6 44. Bxf7+ Kxf7 45. Qd7+ Re7 46. Qd5+
Kg7 47. Qxd4 Re5 1/2-1/2

[Event "Plzen, FSB A"]
[Site "?"]
[Date "2000.??.??"]
[Round "8"]
[White "Mirumian, V."]
[Black "Ionescu, A."]
[Result "1-0"]
[WhiteElo "2555"]
[BlackElo "2255"]
[PlyCount "75"]
[EventDate "2000.??.??"]
[Source "ChessBase"]
[SourceDate "1996.11.15"]

1. Nf3 e6 2. g3 b6 3. Bg2 Bb7 4. O-O Nf6 5. c4 c5 6. Nc3 Be7 7. d4 cxd4 8. Qxd4
Nc6 9. Qd2 O-O 10. b3 Rc8 11. Bb2 Qc7 12. Rfd1 Rfd8 13. Nb5 Qb8 14. Nd6 Bxd6
15. Qxd6 Qxd6 16. Rxd6 Ne4 17. Rdd1 d5 18. cxd5 exd5 19. Bh3 Rc7 20. Rac1 Re7
21. Bf1 h6 22. Nd4 Nxd4 23. Rxd4 Ng5 24. f4 Ne6 25. Rd2 Ree8 26. Bg2 Nc5 27.
Bf3 Ne4 28. Rdc2 d4 29. Rc7 Ba8 30. Rxa7 d3 31. exd3 Nxg3 32. Rxa8 Ne2+ 33.
Bxe2 Rxa8 34. Kf2 Rxa2 35. Rc2 Re6 36. d4 g5 37. d5 Rd6 38. Rc8+ 1-0